[Event "FRA-ch U20 Girls"]
[Site "Belfort"]
[Date "2017.04.21"]
[Round "8.2"]
[White "Bureau Leroyer, Lola"]
[Black "Saliou, Sarah"]
[Result "1-0"]
[WhiteElo "1635"]
[BlackElo "1684"]
[PlyCount "83"]
[EventDate "2017.04.16"]
[EventType "tourn"]
[EventRounds "8"]
[EventCountry "FRA"]
[SourceTitle "EXT 2019"]
[Source "ChessBase"]
[SourceDate "2018.10.10"]
[SourceVersion "1"]
[SourceVersionDate "2018.10.10"]
[SourceQuality "1"]

1. e4 c5 2. Nf3 Nc6 3. d4 cxd4 4. Nxd4 g6 5. Nc3 Bg7 6. Nb3 Nf6 7. Be2 0-0 8. 0-0 d6 9. Re1 Bd7 10. Bf1 Rc8 11. Bg5 Ne8 12. Rb1 Nc7 13. Nd5 Ne6 14. Bh4 Re8 15. c3 Nc7 16. h3 Be6 17. Rc1 Qd7 18. Rc2 f5 19. Nxc7 Qxc7 20. exf5 Bxf5 21. Bc4+ Kh8 22. Rd2 a6 23. Bd3 Bxd3 24. Rxd3 Ne5 25. Rde3 Nc6 26. Nd4 e5 27. Nxc6 bxc6 28. f4 Qd7 29. fxe5 Re6 30. exd6 Rxd6 31. Qe2 Bf6 32. Bxf6+ Rxf6 33. Qxa6 Rcf8 34. Re5 Qd2 35. Qe2 Qf4 36. Re7 Qh4 37. Re8 Qa4 38. Qe5 Qa7+ 39. Kh1 Qf7 40. Rxf8+ Qxf8 41. Rf1 Kg7 42. Qxf6+ 1-0

[Event "FRA-ch U20 Girls"]
[Site "Belfort"]
[Date "2017.04.16"]
[Round "2.2"]
[White "Bureau Leroyer, Lola"]
[Black "Parlas, Helin"]
[Result "1-0"]
[WhiteElo "1635"]
[BlackElo "1606"]
[PlyCount "75"]
[EventDate "2017.04.16"]
[EventType "tourn"]
[EventRounds "8"]
[EventCountry "FRA"]
[SourceTitle "EXT 2019"]
[Source "ChessBase"]
[SourceDate "2018.10.10"]
[SourceVersion "1"]
[SourceVersionDate "2018.10.10"]
[SourceQuality "1"]

1. Nf3 c5 2. c4 g6 3. e3 Bg7 4. g3 Nf6 5. Bg2 0-0 6. 0-0 d6 7. d3 Nc6 8. Qe2 Rb8 9. b3 Bf5 10. Bb2 a6 11. Nc3 Qd7 12. Rfd1 b5 13. d4 cxd4 14. cxb5 d3 15. Qe1 Nb4 16. Nd4 Nc2 17. Nxc2 dxc2 18. Rdc1 Bd3 19. bxa6 Ne4 20. Bf1 Ng5 21. Bg2 Ne4 22. Na4 e5 23. Nc3 d5 24. f3 Nxc3 25. Qxc3 Bxa6 26. Rxc2 Rfc8 27. Qd2 Rxc2 28. Qxc2 d4 29. exd4 exd4 30. Bf1 d3 31. Qd2 Bxb2 32. Qxb2 Rc8 33. Rc1 Rxc1 34. Qxc1 d2 35. Qd1 Qd4+ 36. Kg2 Qe3 37. Bxa6 Qe1 38. Be2 1-0

[Event "FRA-ch U20 Girls"]
[Site "Belfort"]
[Date "2017.04.16"]
[Round "3.2"]
[White "Saliou, Sarah"]
[Black "Bureau Leroyer, Lola"]
[Result "1-0"]
[WhiteElo "1684"]
[BlackElo "1635"]
[PlyCount "87"]
[EventDate "2017.04.16"]
[EventType "tourn"]
[EventRounds "8"]
[EventCountry "FRA"]
[SourceTitle "EXT 2019"]
[Source "ChessBase"]
[SourceDate "2018.10.10"]
[SourceVersion "1"]
[SourceVersionDate "2018.10.10"]
[SourceQuality "1"]

1. c4 e5 2. g3 Nf6 3. Bg2 d5 4. cxd5 Nxd5 5. Nf3 Nc6 6. 0-0 Be7 7. d4 exd4 8. Nxd4 Ndb4 9. Nxc6 Qxd1 10. Rxd1 Nxc6 11. Nc3 Bd7 12. Nb5 0-0-0 13. Bxc6 bxc6 14. Nc3 Bh3 15. Be3 Kb7 16. Rdc1 Bf6 17. Ne4 Bd4 18. Bxd4 Rxd4 19. Nc5+ Kb6 20. Rc3 Rhd8 21. Nd3 c5 22. Rac1 Bg4 23. Rb3+ Kc6 24. Rxc5+ Kd6 25. Rbc3 Bxe2 26. Rc6+ Ke7 27. Rxc7+ Ke8 28. Ne1 Kf8 29. Re3 Bc4 30. Rxa7 Rd1 31. Kg2 g6 32. b3 Bd5+ 33. Nf3 g5 34. g4 h5 35. Kg3 Bxf3 36. Kxf3 hxg4+ 37. Kxg4 Rg1+ 38. Kf3 Rd2 39. Ree7 g4+ 40. Ke3 Re1+ 41. Kxd2 Rxe7 42. Rxe7 Kxe7 43. Ke3 Ke6 44. Kf4 1-0

[Event "Rouen op 9th"]
[Site "Rouen"]
[Date "2016.12.20"]
[Round "6"]
[White "Bureau Leroyer, Lola"]
[Black "Leleu, Andre"]
[Result "1/2-1/2"]
[WhiteElo "1595"]
[BlackElo "1848"]
[PlyCount "83"]
[EventDate "2016.12.17"]
[EventType "swiss"]
[EventRounds "7"]
[EventCountry "FRA"]
[SourceTitle "CBM 176 Extra"]
[Source "ChessBase"]
[SourceDate "2017.03.02"]
[SourceVersion "1"]
[SourceVersionDate "2017.03.02"]
[SourceQuality "1"]

1. Nf3 Nf6 2. c4 b6 3. Nc3 Bb7 4. e3 c5 5. Be2 e6 6. 0-0 a6 7. d4 d5 8. cxd5 Nxd5 9. Qc2 Nb4 10. Qb3 N8c6 11. a3 cxd4 12. exd4 Na5 13. Qd1 Nd5 14. Ne5 Be7 15. Na2 0-0 16. b4 Nc6 17. Qd3 f6 18. Nxc6 Bxc6 19. Qg3 Bd6 20. Qh4 Qd7 21. Bd3 f5 22. Re1 Rf6 23. Bd2 Rg6 24. f3 Be7 25. Qf2 Nf6 26. Bc4 Bd5 27. Bxd5 Nxd5 28. Nc3 Nxc3 29. Bxc3 Bd6 30. Rad1 Qc7 31. Qe3 Bxh2+ 32. Kf1 Bf4 33. Qd3 Rd8 34. Bd2 Bg3 35. Re2 b5 36. Be1 Bf4 37. Bd2 Be5 38. Qb3 Rxd4 39. Rc1 Rc4 40. Rxc4 bxc4 41. Qa4 Kf7 42. Rxe5 1/2-1/2

[Event "FRA-ch U20 Girls"]
[Site "Gonfreville"]
[Date "2016.04.15"]
[Round "6"]
[White "Bureau Leroyer, Lola"]
[Black "Fischer, Julie"]
[Result "0-1"]
[WhiteElo "1549"]
[BlackElo "2043"]
[PlyCount "50"]
[EventDate "2016.04.10"]
[EventType "swiss"]
[EventRounds "9"]
[EventCountry "FRA"]
[SourceTitle "CBM 171 Extra"]
[Source "ChessBase"]
[SourceDate "2016.04.26"]
[SourceVersion "1"]
[SourceVersionDate "2016.04.26"]
[SourceQuality "1"]

1. b4 a5 2. b5 b6 3. d4 Bb7 4. e3 Nf6 5. Nd2 e6 6. Ngf3 Bb4 7. Bb2 Ne4 8. c4 0-0 9. a3 Bxd2+ 10. Nxd2 Nxd2 11. Qxd2 d6 12. Rc1 Nd7 13. Qc2 Qh4 14. h3 f5 15. d5 e5 16. g3 Qh6 17. Bd3 f4 18. gxf4 exf4 19. Rg1 Rf7 20. Bf5 Nc5 21. e4 Bc8 22. Bxc8 Rxc8 23. Rh1 f3 24. Bd4 Nd3+ 25. Qxd3 Qxc1+ 0-1

[Event "FRA-ch U18 Girls"]
[Site "Pau"]
[Date "2015.04.26"]
[Round "1"]
[White "Bureau Leroyer, Lola"]
[Black "Hernandez, Lara"]
[Result "0-1"]
[WhiteElo "1617"]
[BlackElo "1953"]
[PlyCount "50"]
[EventDate "2015.04.26"]
[EventType "swiss"]
[EventRounds "9"]
[EventCountry "FRA"]
[SourceTitle "CBM 166 Extra"]
[Source "ChessBase"]
[SourceDate "2015.06.18"]
[SourceVersion "1"]
[SourceVersionDate "2015.06.18"]
[SourceQuality "1"]

1. Nf3 Nf6 2. c4 c5 3. Nc3 Nc6 4. e3 d5 5. cxd5 Nxd5 6. e4 Nxc3 7. bxc3 g6 8. d4 Bg7 9. Bb2 0-0 10. Be2 cxd4 11. cxd4 Qa5+ 12. Qd2 Qxd2+ 13. Kxd2 Rd8 14. Ke3 Nb4 15. Bd1 b6 16. Ba4 Bh6+ 17. Ke2 Ba6+ 18. Kd1 Nd3 19. Kc2 Rac8+ 20. Kb1 Nxf2 21. Bc1 Nxh1 22. Bxh6 Nf2 23. e5 Bb7 24. Bg5 Bxf3 25. gxf3 Rxd4 0-1

[Event "FRA-ch op-D"]
[Site "Pau"]
[Date "2012.08.22"]
[Round "8"]
[White "Houssaye, Martin"]
[Black "Bureau Leroyer, Lola"]
[Result "1-0"]
[WhiteElo "1470"]
[BlackElo "1396"]
[PlyCount "103"]
[EventDate "2012.08.14"]
[EventType "swiss"]
[EventRounds "11"]
[EventCountry "FRA"]
[SourceTitle "EXT 2014"]
[Source "ChessBase"]
[SourceDate "2013.11.20"]
[SourceVersion "1"]
[SourceVersionDate "2013.11.20"]
[SourceQuality "1"]

1. e4 e5 2. f4 d5 3. exd5 exf4 4. Nf3 Nf6 5. Nc3 Bb4 6. Bc4 0-0 7. 0-0 Bg4 8. a3 Bc5+ 9. d4 Bxf3 10. Rxf3 Bb6 11. Bxf4 Re8 12. Bg5 Nbd7 13. Kh1 Qc8 14. Qd3 a6 15. b4 a5 16. Raf1 axb4 17. axb4 Ra3 18. Qd2 Qa8 19. Bxf6 Nxf6 20. Rg3 Ra1 21. Qg5 Nh5 22. Qxh5 Rxf1+ 23. Bxf1 Re1 24. Rf3 g6 25. Qg4 Qa1 26. Qf4 f5 27. h4 Rxf1+ 28. Rxf1 Qxc3 29. d6 cxd6 30. Qxd6 Bxd4 31. Qd8+ Kg7 32. Qd7+ Kh6 33. Qxb7 Be5 34. Qf3 Qd4 35. c3 Qxh4+ 36. Qh3 Qxh3+ 37. gxh3 Bxc3 38. b5 Bd4 39. Rb1 f4 40. b6 Be5 41. b7 Bb8 42. Rc1 Kg5 43. Rc8 Bd6 44. b8Q Bxb8 45. Rxb8 Kh4 46. Kg2 f3+ 47. Kxf3 Kxh3 48. Rh8 h5 49. Rg8 h4 50. Rxg6 Kh2 51. Rh6 Kh3 52. Kf4 1-0